Методика обследования больного (Запись № 11224918)

Подробности
000 -МАРКЕР
контрольное поле 01804nam0a2200349 4500
001 - ИДЕНТИФИКАТОР ЗАПИСИ
контрольное поле RU\NLR\BIBL_A\011964946
005 - ИДЕНТИФИКАТОР ВЕРСИИ
контрольное поле 20190415104953.0
010 ## - МЕЖДУНАРОДНЫЙ СТАНДАРТНЫЙ НОМЕР КНИГИ (ISBN)
Номер (ISBN) 978-5-00140-155-1
Тираж 50
021 ## - НОМЕР ГОСУДАРСТВЕННОЙ РЕГИСТРАЦИИ
Код страны Российская Федерация
Номер КН-П-19-011803
Номер Листа государственной регистраци КН-П-19-0881
035 ## - ДРУГИЕ СИСТЕМНЫЕ НОМЕРА
Идентификатор записи (NLR Aleph) 011964946
035 ## - ДРУГИЕ СИСТЕМНЫЕ НОМЕРА
Идентификатор записи (RuMoRGB)009899166
100 ## - ДАННЫЕ ОБЩЕЙ ОБРАБОТКИ
Данные общей обработки 20190320d2018 u y0rusy50 ca
101 0# - ЯЗЫК РЕСУРСА
Язык текста, звукозаписи и т.д. русский
102 ## - СТРАНА ПУБЛИКАЦИИ ИЛИ ПРОИЗВОДСТВА
Страна публикации Российская Федерация
105 ## - ПОЛЕ КОДИРОВАННЫХ ДАННЫХ: ТЕКСТОВЫЕ МАТЕРИАЛЫ, МОНОГРАФИЧЕСКИЕ
Кодированные данные о монографическом текстовом документе a|||z|||000zy
200 1# - ЗАГЛАВИЕ И СВЕДЕНИЯ ОБ ОТВЕТСТВЕННОСТИ
Основное заглавие Методика обследования больного
Сведения, относящиеся к заглавию учебное пособие
Первые сведения об ответственности Л. П. Емелина, Н. Ю. Папшицкая, Н. С. Тома
Последующие сведения об ответственности Государственное бюджетное образовательное учреждение высшего образования "Саратовский государственный медицинский университет имени В. И. Разумовского" Министерства здравоохранения Российской Федерации (ГБОУ ВО Саратовский ГМУ им. В. И. Разумовского Минздрава России)
205 ## - СВЕДЕНИЯ ОБ ИЗДАНИИ
Сведения об издании Изд. 2-е
210 ## - ПУБЛИКАЦИЯ, РАСПРОСТРАНЕНИЕ И ДР.
Место издания, распространения и т.д. Саратов
Имя издателя, распространителя и т. д. Амирит
Дата издания, распространения и т.д. 2018
215 ## - ФИЗИЧЕСКАЯ ХАРАКТЕРИСТИКА
Специфическое обозначение материала и объем 97 с.
Другие сведения о физической характеристике ил., табл.
Размеры 21
320 ## - ПРИМЕЧАНИЯ О НАЛИЧИИ В ДОКУМЕНТЕ БИБЛИОГРАФИИ / УКАЗАТЕЛЯ
Текст примечания Библиогр.: с. 96-97 (6 назв.)
606 1# - НАИМЕНОВАНИЕ ТЕМЫ КАК ПРЕДМЕТ
Наименование темы Больные
Формальный подзаголовок Учебные издания для высших учебных заведений
Тематический подзаголовок Обследование
Системный номер авторитетной/нормативной записи 963024
Идентификатор авторитетной/нормативной записи RU\NLR\AUTH\6641024
686 1# - ИНДЕКСЫ ДРУГИХ КЛАССИФИКАЦИЙ
Индекс Р342я73
686 1# - ИНДЕКСЫ ДРУГИХ КЛАССИФИКАЦИЙ
Индекс Р343я73
700 #1 - ИМЯ ЛИЦА - ПЕРВИЧНАЯ ОТВЕТСТВЕННОСТЬ
Начальный элемент ввода Емелина
Часть имени, кроме начального элемента ввода Л. П.
701 #1 - ИМЯ ЛИЦА - АЛЬТЕРНАТИВНАЯ ОТВЕТСТВЕННОСТЬ
Начальный элемент ввода Папшицкая
Часть имени, кроме начального элемента ввода Н. Ю.
Расширение инициалов личного имени Наталия Юрьевна
701 #1 - ИМЯ ЛИЦА - АЛЬТЕРНАТИВНАЯ ОТВЕТСТВЕННОСТЬ
Начальный элемент ввода Тома
Часть имени, кроме начального элемента ввода Н. С.
942 ## - ДОПОЛНИТЕЛЬНЫЕ ЭЛЕМЕНТЫ ЗАПИСИ (АБИС)
Тип экземпляра АБИС Книга
980 ## - КОЛЛЕКЦИЯ
Название коллекции НБР
980 ## - КОЛЛЕКЦИЯ
Название коллекции Национальная библиография

Нет доступных экземпляров.